Online
Catalog

Martí en Santo Domingo / (Record no. 21117)

MARC details
000 -CABECERA
campo de control de longitud fija 01288nam a2200325 i 4500
001 - NÚMERO DE CONTROL
campo de control 000021618
003 - IDENTIFICADOR DEL NÚMERO DE CONTROL
campo de control DO-SdBNP
005 - FECHA Y HORA DE LA ÚLTIMA TRANSACCIÓN
campo de control 20260522093958.0
007 - CAMPO FIJO DE DESCRIPCIÓN FÍSICA--INFORMACIÓN GENERAL
campo de control de longitud fija ta
008 - DATOS DE LONGITUD FIJA--INFORMACIÓN GENERAL
campo de control de longitud fija 100909s1953 cu ac 010 0 spa d
040 ## - FUENTE DE LA CATALOGACIÓN
Centro catalogador/agencia de origen DO-SdBNP
Lengua de catalogación spa
Centro/agencia transcriptor BNPHU
Normas de descripción rda
082 #4 - NÚMERO DE LA CLASIFICACIÓN DECIMAL DEWEY
Número de clasificación 923.27291
Número de documento/Ítem M378r
Número de edición 22
100 1# - ENTRADA PRINCIPAL--NOMBRE DE PERSONA
Nombre de persona Rodríguez Demorizi, Emilio,
Fechas asociadas al nombre 1908-1986
Término indicativo de función/relación autor
9 (RLIN) 1039
Código de función/relación aut.
245 10 - MENCIÓN DE TÍTULO
Título Martí en Santo Domingo /
Mención de responsabilidad, etc. Emilio Rodríguez Demorizi.
264 ## - PRODUCCIÓN, PUBLICACIÓN, DISTRIBUCIÓN, FABRICACIÓN Y COPYRIGHT
Producción, publicación, distribución, fabricación y copyright La Habana :
Nombre del de productor, editor, distribuidor, fabricante Ucar García,
Fecha de producción, publicación, distribución, fabricación o copyright 1953.
300 ## - DESCRIPCIÓN FÍSICA
Extensión 621 páginas :
Otras características físicas ilustraciones, retratos ;
Dimensiones 24 cm.
336 ## - TIPO DE CONTENIDO
Término de tipo de contenido texto
Código de tipo de contenido txt
Fuente rdacotent
337 ## - TIPO DE MEDIO
Nombre/término del tipo de medio sin mediación
Código del tipo de medio n
Fuente rdamedia
338 ## - TIPO DE SOPORTE
Nombre/término del tipo de soporte volumen
Código del tipo de soporte nc
Fuente rdacarrier
500 ## - NOTA GENERAL
Nota general Centenario de José Martí. Homenaje de la República Dominicana.
500 ## - NOTA GENERAL
Nota general Incluye "Cronología Dominicana de Martí".
500 ## - NOTA GENERAL
Nota general Incluye notas al pie de las páginas e índice de personas y lugares.
590 ## - NOTA LOCAL (RLIN)
Nota local Perteneció a la biblioteca personal de Juan Isidro Jimenes Grullón.
600 10 - PUNTO DE ACCESO ADICIONAL DE MATERIA--NOMBRE DE PERSONA
Nombre de persona Martí, José,
Fechas asociadas al nombre 1853-1895
9 (RLIN) 645
651 #4 - PUNTO DE ACCESO ADICIONAL DE MATERIA--NOMBRE GEOGRÁFICO
Nombre geográfico Cuba
Subdivisión general Historia
Subdivisión cronológica 1810-1899
9 (RLIN) 2159
651 #4 - PUNTO DE ACCESO ADICIONAL DE MATERIA--NOMBRE GEOGRÁFICO
Nombre geográfico Cuba
Subdivisión general Historia
Subdivisión cronológica GUERRA DE INDEPENDENCIA, 1895-1898
9 (RLIN) 11019
651 #0 - PUNTO DE ACCESO ADICIONAL DE MATERIA--NOMBRE GEOGRÁFICO
Nombre geográfico República Dominicana --
Subdivisión general Historia --
Subdivisión cronológica 1844-1930
9 (RLIN) 1009
910 ## - DATOS DE OPCIÓN DEL USUARIO (OCLC)
Datos de opción del usuario Validado. Control de calidad EMS.
942 ## - ELEMENTOS DE PUNTO DE ACCESO ADICIONAL (KOHA)
Fuente del sistema de clasificación o colocación Dewey Decimal Classification
Tipo de ítem Koha Libro
Holdings
Estado de retiro Estado de pérdida Fuente del sistema de clasificación o colocación Restricciones de uso No para préstamo Código de colección Localización permanente Ubicación/localización actual Ubicación en estantería Fecha de adquisición Total de préstamos Signatura topográfica completa Código de barras Fecha visto por última vez Número de copia Precio válido a partir de Tipo de ítem Koha Nota pública Fuente de adquisición
    Dewey Decimal Classification Préstamo en sala   Raros y valiosos Biblioteca Nacional Pedro Henríquez Ureña Biblioteca Nacional Pedro Henríquez Ureña Depósito 05.07.2011   BNPHU DS-RV 923.27291 M378r 21618-30 25.06.2020 e.3 25.06.2020 Libro    
    Dewey Decimal Classification Excluido de préstamo   Raros y valiosos Biblioteca Nacional Pedro Henríquez Ureña Biblioteca Nacional Pedro Henríquez Ureña Depósito 09.09.2010   BNPHU PD-RV 923.27291 M378r 21618-10 25.06.2020   25.06.2020 Libro Perteneció a la biblioteca personal de Juan Isidro Jimenes Grullón  
    Dewey Decimal Classification Excluido de préstamo   Raros y valiosos Biblioteca Nacional Pedro Henríquez Ureña Biblioteca Nacional Pedro Henríquez Ureña Depósito 05.07.2011   BNPHU PD-RV 923.27291 M378r 21618-20 25.06.2020 e.2 25.06.2020 No se presta Perteneció a la biblioteca personal de Germán Emilio Ornes.  
    Dewey Decimal Classification Préstamo en sala   Raros y valiosos Biblioteca Nacional Pedro Henríquez Ureña Biblioteca Nacional Pedro Henríquez Ureña Depósito 14.11.2011   BNPHU DS-RV 923.27291 M378r 21618-40 25.06.2020 e.4 25.06.2020 Libro Perteneció a la biblioteca prsonal de Carlos Larrazal Blanco  
    Dewey Decimal Classification Préstamo en sala   Raros y valiosos Biblioteca Nacional Pedro Henríquez Ureña Biblioteca Nacional Pedro Henríquez Ureña Depósito 01.11.2024   BNPHU DS-RV 923.27291 M378r 2024-6313 01.11.2024 e.5 01.11.2024 Libro Pertenecio a la biblioteca personal de Emilio Cordero Michel Donado por la Presidencia de la República Dominicana 2023

Powered by Koha